Introducción a la heráldica / (Record no. 11628)
[ view plain ]
| 000 -LEADER | |
|---|---|
| campo de control de longitud fija | 00812nam a2200241 i 4500 |
| 001 - NÚMERO DE CONTROL | |
| campo de control | 11628 |
| 003 - IDENTIFICADOR DE NÚMERO DE CONTROL | |
| campo de control | ES-MaACL |
| 005 - FECHA Y HORA DE LA ÚLTIMA TRANSACCIÓN | |
| campo de control | 20240326131457.0 |
| 007 - CAMPO FIJO DE DESCRIPCIÓN FÍSICA--INFORMACIÓN GENERAL | |
| campo de control de longitud fija | t| |
| 008 - DATOS DE LONGITUD FIJA--INFORMACIÓN GENERAL | |
| campo de control de longitud fija | 960705s1996 sp ||||1| spa d |
| 020 ## - NÚMERO INTERNACIONAL ESTÁNDAR DEL LIBRO | |
| Número Internacional Estándar del Libro | 84-86568-64-1 |
| 080 ## - NÚMERO DE LA CLASIFICACIÓN DECIMAL UNIVERSAL | |
| Número de la Clasificación Decimal Universal | 929.6 |
| 100 1# - ENTRADA PRINCIPAL--NOMBRE DE PERSONA | |
| Nombre de persona | Arco y García, Fernando del, |
| Fechas asociadas al nombre | 1923-2020 |
| 9 (RLIN) | 22508 |
| 245 10 - MENCIÓN DEL TÍTULO | |
| Título | Introducción a la heráldica / |
| Mención de responsabilidad, etc. | Fernando del Arco y García. |
| 260 ## - PUBLICACIÓN, DISTRIBUCIÓN, ETC. | |
| Lugar de publicación, distribución, etc. | Madrid : |
| Nombre del editor, distribuidor, etc. | Prensa y Ediciones Iberoamericanas, |
| Fecha de publicación, distribución, etc. | [1996?] |
| 300 ## - DESCRIPCIÓN FÍSICA | |
| Extensión | 144 p. : |
| Otras características físicas | il. ; |
| Dimensiones | 23 cm. |
| 490 1# - MENCIÓN DE SERIE | |
| Mención de serie | Persevante Borgoña ; |
| Designación de volumen o secuencia | 14 |
| 650 17 - PUNTO DE ACCESO ADICIONAL DE MATERIA--TÉRMINO DE MATERIA | |
| Término de materia o nombre geográfico como elemento de entrada | Heráldica |
| Fuente del encabezamiento o término | embne |
| 9 (RLIN) | 235652 |
| 830 0# - PUNTO DE ACCESO ADICIONAL DE SERIE-TÍTULO UNIFORME | |
| Título uniforme | Persevante Borgoña ; |
| Designación de volumen o secuencia | 14 |
| 9 (RLIN) | 179167 |
| 852 ## - LOCALIZACIÓN | |
| Ubicación | ES-MaACL |
| Número de control de estantería | L-18991 |
| Sublocalización o colección | R.125058 |
| condición física | Dedicatoria autógrafa del autor |
| Nota libre | Dedicatoria autógrafa del autor |
| 942 ## - ELEMENTOS DE ENTRADA SECUNDARIOS (KOHA) | |
| Fuente del sistema de clasificación o colocación | Clasificación decimal universal |
| Estatus retirado | Estado de pérdida | Fuente del sistema de clasificación o colocación | Estado de daño | No para préstamo | Colección | Biblioteca de origen | Biblioteca actual | Ubicación en estantería | Fecha de adquisición | Total de préstamos | Signatura topográfica completa | Código de barras | Visto por última vez | Precio de reemplazo | Tipo de ítem Koha | Nota pública |
|---|---|---|---|---|---|---|---|---|---|---|---|---|---|---|---|---|
| Clasificación decimal universal | Libros con dedicatorias | Biblioteca del Ateneo de Madrid | Biblioteca del Ateneo de Madrid | Depósito 2 | 17/01/2008 | L-18991 | 1011852 | 23/02/2023 | 23/02/2023 | Libro impreso | Dedicatoria autógrafa del autor |
